Springtime of the Liturgy (Record no. 11103)

MARC details
000 -LEADER
fixed length control field 00642nam a2200241 a 4500
001 - CONTROL NUMBER
control field 0001-1103
003 - CONTROL NUMBER IDENTIFIER
control field ELIB.Books
008 - FIXED-LENGTH DATA ELEMENTS--GENERAL INFORMATION
fixed length control field 150122 2010 eng
020 ## - INTERNATIONAL STANDARD BOOK NUMBER
International Standard Book Number 0814610234
035 ## - SYSTEM CONTROL NUMBER
System control number (ELIB.Books)0001-1258
092 ## - LOCALLY ASSIGNED DEWEY CALL NUMBER (OCLC)
Classification number 264.01
Item number Dei
100 ## - MAIN ENTRY--PERSONAL NAME
Personal name Deiss, Lucien.
245 ## - TITLE STATEMENT
Title Springtime of the Liturgy
Remainder of title Liturgical Tests of the First Four Centuries
260 ## - PUBLICATION, DISTRIBUTION, ETC. (IMPRINT)
Place of publication, distribution, etc. Collegeville
Name of publisher, distributor, etc. The Liturgical Press
Date of publication, distribution, etc. 1979
300 ## - PHYSICAL DESCRIPTION
Extent 307
Dimensions 24
500 ## - GENERAL NOTE
General note Library
650 ## - SUBJECT ADDED ENTRY--TOPICAL TERM
Topical term or geographic name as entry element Liturgies
856 ## - ELECTRONIC LOCATION AND ACCESS
Name of location of host KBTS; Library
Uniform Resource Identifier <a href="KBTS; Elib.">KBTS; Elib.</a>
942 ## - ADDED ENTRY ELEMENTS (KOHA)
Source of classification or shelving scheme Dewey Decimal Classification
Koha item type Books
990 ## - EQUIVALENCES OR CROSS-REFERENCES [LOCAL, CANADA]
Link information for 9XX fields 1
998 ## - LOCAL CONTROL INFORMATION (RLIN)
Cataloger's initials, CIN (RLIN) bat
-- 2015-01-22
Holdings
Withdrawn status Lost status Source of classification or shelving scheme Damaged status Not for loan Home library Current library Date acquired Total Checkouts Barcode Date last seen Bill Date Koha item type
    Dewey Decimal Classification     Karen Baptist Theological Seminary Library Karen Baptist Theological Seminary Library 22/01/2015   14856 22/01/2022 22/01/2022 Books
Implemented & Customized by: BestBookBuddies

Powered by Koha